[Event "NOE Landesliga 2017/2018"]
[Site "verschiedene"]
[Date "2018.04.15"]
[Round "11"]
[Board "4"]
[White "Seidler, Dieter"]
[Black "Ernst, Michael"]
[Result "1-0"]
[WhiteElo "1936"]
[BlackElo "2135"]
[PlyCount "113"]
[EventDate "2017.10.01"]
[EventType "team"]
[EventRounds "11"]
[EventCountry "AUT"]
[WhiteTeam "SG Bisamberg/Korneuburg"]
[BlackTeam "ASVOE VHS Poechlarn"]

1. d4 Nf6 2. c4 e6 3. Nf3 d5 4. e3 a6 5. Nc3 Be7 6. cxd5 Nxd5 7. Bd3 O-O 8. O-O
c5 9. Nxd5 Qxd5 10. Qc2 h6 11. b3 cxd4 12. Nxd4 Nd7 13. Be4 Qc5 14. Bb2 Qxc2
15. Nxc2 Bf6 16. Bxf6 Nxf6 17. Bf3 Rb8 18. Rfd1 Bd7 19. Rac1 Rfc8 20. Nb4 Rxc1
21. Rxc1 Rc8 22. Rxc8+ Bxc8 23. Nd3 Nd7 24. g3 Kf8 25. Kf1 Ke7 26. Ke2 Kd6 27.
Kd2 a5 28. a3 b6 29. Kc3 Ba6 30. Nb2 Ne5 31. Bd1 f6 32. b4 axb4+ 33. axb4 g5
34. f4 Nc6 35. Na4 Kc7 36. Bb3 Bb5 37. Nb2 Kd6 38. Bc4 Na7 39. Bxb5 Nxb5+ 40.
Kd3 Na3 41. Na4 Kc6 42. Nc3 Kd6 43. h4 gxh4 44. gxh4 f5 45. e4 Kc6 46. exf5
exf5 47. Ne2 Nb5 48. Ng3 Nd6 49. Kd4 Kb5 50. Kd5 Nc4 51. Nxf5 Kxb4 52. Nxh6 b5
53. Nf5 Ka4 54. h5 b4 55. Kxc4 b3 56. Nd4 b2 57. Ne2  1-0

[Event "NOE Landesliga 2017/2018"]
[Site "verschiedene"]
[Date "2018.04.15"]
[Round "11"]
[Board "1"]
[White "Froewis, Georg"]
[Black "Hofegger, Jakob"]
[Result "1-0"]
[WhiteElo "2431"]
[BlackElo "2111"]
[PlyCount "105"]
[EventDate "2017.10.01"]
[EventType "team"]
[EventRounds "11"]
[EventCountry "AUT"]
[WhiteTeam "SG Voest Krems"]
[BlackTeam "SK Advisory Invest Baden"]

1. Nf3 Nf6 2. c4 g6 3. Nc3 Bg7 4. e4 d6 5. d4 O-O 6. Be2 e5 7. O-O Nc6 8. d5
Ne7 9. Ne1 Nd7 10. Nd3 f5 11. f3 Nf6 12. c5 f4 13. Bd2 g5 14. Rc1 Ng6 15. Nb5
Rf7 16. Ba5 b6 17. cxd6 cxd6 18. Be1 a6 19. Nc3 h5 20. Nb4 b5 21. a4 g4 22. Nc6
Qe8 23. axb5 axb5 24. Nxb5 Bf8 25. Ra1 Rxa1 26. Qxa1 gxf3 27. Bxf3 Bg4 28. Qa5
Bxf3 29. gxf3 Rg7 30. Kh1 Ne7 31. Qd8 Qxd8 32. Nxd8 Nc8 33. Rg1 Be7 34. Nc6
Rxg1+ 35. Kxg1 Kf7 36. Ba5 Nd7 37. b4 Ndb6 38. Bxb6 Nxb6 39. Nc7 Bh4 40. Kf1
Bg5 41. Ke2 Bh4 42. Nb5 Nc8 43. Nca7 Nxa7 44. Nxa7 Ke8 45. Kd3 Kd7 46. Kc4 Kc7
47. Kb5 Kb7 48. Nc6 Be1 49. Na5+ Kc7 50. Nc4 Bc3 51. Ka4 Be1 52. b5 Bf2 53. Ka5
 1-0

[Event "NOE Landesliga 2017/2018"]
[Site "verschiedene"]
[Date "2018.04.15"]
[Round "11"]
[Board "3"]
[White "Woeber, Friedrich"]
[Black "Juenger, Heinz"]
[Result "1/2-1/2"]
[WhiteElo "2140"]
[BlackElo "2111"]
[PlyCount "25"]
[EventDate "2017.10.01"]
[EventType "team"]
[EventRounds "11"]
[EventCountry "AUT"]
[WhiteTeam "SG Voest Krems"]
[BlackTeam "SK Advisory Invest Baden"]

1. e4 e5 2. Nf3 Nc6 3. Bc4 Bc5 4. c3 Nf6 5. d3 a6 6. O-O Ba7 7. Bb3 d6 8. Nbd2
O-O 9. h3 Be6 10. Bc2 h6 11. Re1 Re8 12. Nf1 d5 13. exd5  1/2-1/2

[Event "NOE Landesliga 2017/2018"]
[Site "verschiedene"]
[Date "2018.04.15"]
[Round "11"]
[Board "4"]
[White "Rudolf, Herbert"]
[Black "Scheffknecht, Philipp"]
[Result "0-1"]
[WhiteElo "2112"]
[BlackElo "2109"]
[PlyCount "72"]
[EventDate "2017.10.01"]
[EventType "team"]
[EventRounds "11"]
[EventCountry "AUT"]
[WhiteTeam "SK Advisory Invest Baden"]
[BlackTeam "SG Voest Krems"]

1. Nf3 d6 2. d4 Nd7 3. e4 e5 4. Bc4 Be7 5. dxe5 Nxe5 6. Nxe5 dxe5 7. Qh5 g6 8.
Qxe5 Nf6 9. Bh6 Rg8 10. Bg5 Ng4 11. Qxe7+ Qxe7 12. Bxe7 Kxe7 13. Nc3 c6 14. O-O
Ne5 15. Be2 g5 16. Nd1 Be6 17. Ne3 a5 18. a3 Ng6 19. Rfd1 Nf4 20. Bc4 b5 21.
Bxe6 fxe6 22. Rd2 Ng6 23. f3 h5 24. Rad1 Ne5 25. h3 Rgf8 26. c4 b4 27. a4 b3
28. Rc1 Rab8 29. Rc3 Rb4 30. Rd1 Rfb8 31. Ra1 Rd8 32. Ra3 Rd3 33. Rxd3 Nxd3 34.
Nd1 Nc5 35. Nc3 Rxc4 36. Kf1 Rxc3  0-1